Taylor Swift - Célébrités dans les clips - Statistiques

Statistiques générales
  • Ce quiz a été pris 229 fois
  • Le résultat moyen est 13 sur 46
Statistiques - réponses
Hint Réponse % Correct
I Don't Wanna Live Forever Z Zayn
83%
Bad Blood SG Selena Gomez
79%
Fortnight PM Post Malone
77%
Everything Has Changed ES Ed Sheeran
76%
End Game ED Ed Sheeran
76%
Bad Blood Z Zendaya
75%
Bad Blood GH Gigi Hadid
64%
Karma IS Ice Spice
62%
I Can See You TL Taylor Lautner
55%
End Game F Future
52%
You Need to Calm Down KP Katy Perry
49%
I Can See You JK Joey King
46%
Bad Blood KL Kendrick Lamar
38%
ME! 🐱 Benjamin Button
32%
Bad Blood EP Ellen Pompeo
32%
ME! BU Brendon Urie
26%
Bad Blood CD Cara Delevingne
24%
Bad Blood KK Karlie Kloss
21%
Bad Blood EG Ellie Goulding
20%
You Need to Calm Down EDG Ellen DeGeneres
19%
Bejeweled DVT Dita von Teese
18%
Bejeweled EH Este Haim
18%
Bejeweled AH Alana Haim
17%
Bejeweled JA Jack Antonoff
17%
You Belong With Me LT Lucas Till
17%
Bejeweled DH Danielle Haim
16%
Bad Blood HS Hailee Steinfeld
15%
I Bet You Think About Me MT Miles Teller
13%
You Need to Calm Down RP RuPaul
13%
Bad Blood CC Cindy Crawford
12%
You Need to Calm Down RR Ryan Reynolds
11%
Bad Blood JA Jessica Alba
10%
Bad Blood HW Hayley Williams
9%
Bejeweled LD Laura Dern
9%
Bad Blood LD Lena Dunham
9%
Bad Blood MH Mariska Hargitay
9%
Bad Blood LA Lily Aldridge
8%
Bad Blood MH Martha Hunt
8%
Bad Blood S Serayah
7%
You Need to Calm Down LC Laverne Cox
5%
Anti-Hero MEE Mary Elizabeth Ellis
3%
I Can See You PC Presley Cash
3%
Look What You Made Me Do TH Todrick Hall
3%
You Need to Calm Down TH Todrick Hall
3%
You Need to Calm Down HH Hannah Hart
2%
You Need to Calm Down CL Chester Lockhart
1%
Aucun quiz correspondant
Distribution des résultats
% des personnes avec chaque résultat
Percentile par nombre de réponses
Votre historique - résultats
Vous n’avez pas pris ce quiz